02494nam a2200325 i 4500003000900000005001700009007000300026008004100029020001800070040003000088082001800118245014800136264004400284300004500328336002700373337003300400338002800433500010100461520121100562590002701773650002601800650003101826700004501857700004701902700005501949910001402004942001402018952011902032999001702151DO-SdBNP20250709075849.0ta250704s2010 dr o r 000 0 spa d a9789945876208 aDO-SdBNPbspacBNPHUerda 4axxxbC19822210aCampos de golf de la República Dominicana /cedición, Carlos Lizarazo ; fotografías, Ricardo Rojas ; diseño, Rosanna Carolina Disla Eli 1aSanto Domingo :bCasa editorial,c2010. a208 páginas :bfotografías ;c24 cm. atextobtxt2rdacontent asin mediaciónbn2rdamedia avolumenbnc2rdacarrier aIncluye datos biográficos del editor, fotógrafo y diseño en la solapa de la contracubierta aLa República Dominicana es reconocida como un destino líder para el golf en el Caribe, albergando numerosos campos de golf de renombre. Un libro importante sobre este tema es "Campos de golf de la República Dominicana" de Carlos Lizarazo, publicado por Imagenes Casa Editorial en 2010. Este libro, presentado por la Biblioteca Nacional Pedro Henríquez Ureña, destaca la obra de prestigiosos diseñadores de campos en la isla. Algunos de los campos de golf más destacados en la República Dominicana, mencionados en diversas fuentes, incluyen: Casa de Campo Resort & Villas (La Romana): Hogar de Teeth of the Dog (considerado uno de los mejores del Caribe), Dye Fore y The Links, todos diseñados por Pete Dye. Punta Cana: Alberga el Punta Espada Golf Club (diseñado por Jack Nicklaus), Corales Golf Course (donde se celebra el PGA Tour) y Hard Rock Golf Club Cana Bay. También se encuentra La Cana Golf Club. Otros campos notables: Playa Grande Golf & Ocean Club, Punta Blanca Golf Course, Iberostate Bavaro Golf & Club y Barcelo Lakes Golf Course. La República Dominicana ofrece una gran variedad de campos con impresionantes vistas, ya sea al mar Caribe o a paisajes interiores.  aInventariado, 2025/ YL 7aCampos de golf988243 7aDiseño sostenible9882441 aLizarazo, Carlos eedición4ed.9882451 aRojas, Ricardo efotografías4fo.9882461 aDisla Eli, Rosanna Carolina ediseño4di.988247 aYLockward 2ddccLBS1 00102ddc51708PDaBNPHUbBNPHUcCTd2025-07-04l0oBNPHU R-PD xxx C198p2025-6186r2025-07-04w2025-07-04yLBS1 c59427d59427